| 000 | 00909nam a2200229Ia 4500 | ||
|---|---|---|---|
| 003 | GCL | ||
| 008 | 140319s9999 xx 000 0 ara d | ||
| 020 | _a9768400977 | ||
| 040 |
_aGCL / _cGCL |
||
| 082 | 0 | 4 |
_a362.783 _bع ت |
| 100 | 1 | _aعلا عبدالباقى ابراهيم | |
| 245 | 1 | 0 |
_aالتعرف على الاعاقة العقلية وعلاجها واجراءات الوقاية منها / _cعلا عبدالباقى ابراهيم |
| 260 |
_aالقاهرة : _bلجنة الاعلام والدراسات المستقبلية ، _c1993 |
||
| 300 |
_aمج2 (99 ص ) ؛ _c24 سم |
||
| 490 |
_aسلسلة التوجيه والارشاد فى مجالات الاعاقة _v0 |
||
| 650 | 0 | 4 | _aعلم النفس |
| 650 | 0 | 4 | _aالتحليل النفسى |
| 650 | 0 | 4 | _aالصحة الوقائية |
| 650 | 0 | 4 | _aالمعوقون |
| 650 | 0 | 4 | _aالاطفال المعوقون |
| 942 |
_2ddc _cBK |
||
| 999 |
_c55848 _d55848 |
||